书目信息 |
| 题名: |
我的第一本职场礼仪细节全书
|
|
| 作者: | 理想 主编 | |
| 分册: | ||
| 出版信息: | 北京 中国纺织出版社 2017 |
|
| 页数: | 258页 | |
| 开本: | 24cm | |
| 丛书名: | ||
| 单 册: | ||
| 中图分类: | C912.12 | |
| 科图分类: | ||
| 主题词: | 心理交往--礼仪 | |
| 电子资源: | ||
| ISBN: | 978-7-5180-3610-3 | |
| 000 | 00877nam0 2200229 450 | |
| 001 | 012001000704 | |
| 005 | 20140920091302.0 | |
| 010 | @a978-7-5180-3610-3@dCNY38.00 | |
| 100 | @a20171116d2017 em y0chiy50 ea | |
| 101 | 0 | @achi |
| 102 | @aCN@b110000 | |
| 105 | @ay z 000yy | |
| 106 | @ar | |
| 200 | 1 | @a我的第一本职场礼仪细节全书@9Wo De Di Yi Ben Zhi Chang Li Yi Xi Jie Quan Shu@f理想主编 |
| 210 | @a北京@c中国纺织出版社@d2017 | |
| 215 | @a258页@d24cm | |
| 330 | @a本书详尽讲述了职场中需要知道了解的礼仪,是职场达人的职场处世圣经,是让你身价倍增的魔法书,它能帮助你迅速掌握职场礼仪,从而更好地和领导同事相处,更加高效快乐地工作,让你在职场中左右逢源,如鱼得水,迅速成长为同事喜爱,领导器重的职场大人。 | |
| 606 | 0 | @a心理交往@x礼仪 |
| 690 | @aC912.12@v5 | |
| 701 | 0 | @a理想@9Li Xiang@4主编 |
| 801 | 0 | @aCN@b上海新华@c20180901 |
| 905 | @b1155270-74@dC912.12@e1435@f5 | |
| 我的第一本职场礼仪细节全书/理想主编.-北京:中国纺织出版社,2017 |
| 258页;24cm |
| ISBN 978-7-5180-3610-3:CNY38.00 |
| 本书详尽讲述了职场中需要知道了解的礼仪,是职场达人的职场处世圣经,是让你身价倍增的魔法书,它能帮助你迅速掌握职场礼仪,从而更好地和领导同事相处,更加高效快乐地工作,让你在职场中左右逢源,如鱼得水,迅速成长为同事喜爱,领导器重的职场大人。 |
| ● |
| 相关链接 |
|
|
|
|
正题名:我的第一本职场礼仪细节全书
索取号:C912.12/1435
 
预约/预借
| 序号 | 登录号 | 条形码 | 馆藏地/架位号 | 状态 | 备注 |
| 1 | 1155270 | 211552700 | 第一样本阅览室/ [索取号:C912.12/1435] | 在馆 | |
| 2 | 1155271 | 211552719 | 第一借阅区/ [索取号:C912.12/1435] | 在馆 | |
| 3 | 1155272 | 211552728 | 第一借阅区/ [索取号:C912.12/1435] | 在馆 | |
| 4 | 1155273 | 211552737 | 第一借阅区/ [索取号:C912.12/1435] | 在馆 | |
| 5 | 1155274 | 211552746 | 第一借阅区/ [索取号:C912.12/1435] | 在馆 |